000 00280 a2200097 4500
001 54990
100 _aMathews, John W.
245 _aComplex analysis for mathematics and engineering, 5th Ed
260 _aLondon
_bJones & BArlett Pub, london
_c2006
090 _c34086
_d34086
942 _aNUST-CAE
_cMONOGRAPH
_c26765
999 _c290063
_d290063